[Event "Lichtenrader Herbst 2016"]
[Site "Berlin-Lichtenrade"]
[Date "2016.10.22"]
[Round "1.1"]
[White "Gabuzyan, Hovhannes"]
[Black "Noeldner, Julian"]
[Result "1-0"]
[WhiteElo "2592"]
[BlackElo "1768"]
[PlyCount "53"]
[EventDate "2016.??.??"]
[BlackTeam "SF Nordost Berlin"]

1. Nf3 Nf6 2. g3 g6 3. Bg2 Bg7 4. O-O d5 5. c4 c6 6. d4 O-O 7. Qb3 dxc4 8. Qxc4
Bf5 9. Nc3 Ne4 10. Bf4 Nd7 11. Rfd1 Nb6 12. Qb3 Nxc3 13. bxc3 Qd5 14. Ne1 Qc4
15. Nd3 Be6 16. Qa3 Nd5 17. Bd2 Rfe8 18. Bf1 Nf6 19. Nc5 Qd5 20. Bg2 Qh5 21.
Nxe6 fxe6 22. e3 Rf8 23. h3 Qe2 24. Be1 Rf7 25. Qb3 Nd5 26. e4 Raf8 27. Rd2 1-0

[Event "Lichtenrader Herbst 2016"]
[Site "Berlin-Lichtenrade"]
[Date "2016.10.22"]
[Round "1.2"]
[White "Bergmann, Jens"]
[Black "Chatalbashev, Boris"]
[Result "0-1"]
[WhiteElo "1888"]
[BlackElo "2534"]
[PlyCount "60"]
[EventDate "2016.??.??"]
[WhiteTeam "SK Tempelhof 1931"]
[BlackTeam "SV Würselen"]

1. d4 Nf6 2. Nf3 c5 3. c3 b6 4. e3 Bb7 5. Bd3 g6 6. O-O Bg7 7. Nbd2 d5 8. Bb5+
Nfd7 9. dxc5 bxc5 10. e4 dxe4 11. Ng5 O-O 12. Qb3 Ne5 13. Ngxe4 Qc7 14. Qa3
Nbd7 15. f4 Nc6 16. Ba6 Rad8 17. Bxb7 Qxb7 18. Nxc5 Nxc5 19. Qxc5 Nd4 20. Nb3
Rd5 21. Qb4 Qxb4 22. cxb4 Nc2 23. Rb1 Nxb4 24. Be3 a5 25. Nc1 Rb8 26. b3 Nc2
27. Bf2 Na3 28. Ne2 Nxb1 29. Rxb1 Rd2 30. Kf1 Rxa2 0-1

[Event "Lichtenrader Herbst 2016"]
[Site "Berlin-Lichtenrade"]
[Date "2016.10.22"]
[Round "1.3"]
[White "Stefansson, Hannes"]
[Black "Weigel, Stefan"]
[Result "1-0"]
[WhiteElo "2571"]
[BlackElo "1854"]
[PlyCount "91"]
[EventDate "2016.??.??"]
[WhiteTeam "Reykjavik"]
[BlackTeam "SSV Rotation Berlin e.V."]

1. d4 d5 2. c4 e6 3. Nc3 Nf6 4. cxd5 exd5 5. Bg5 c6 6. e3 Be7 7. Bd3 h6 8. Bh4
O-O 9. Qc2 Be6 10. Nge2 Nbd7 11. h3 c5 12. g4 c4 13. Bf5 Ne8 14. Bg3 Nd6 15.
Bxe6 fxe6 16. Nf4 Rf6 17. h4 b5 18. g5 Rxf4 19. Bxf4 b4 20. Ne2 Ne4 21. Ng3
hxg5 22. hxg5 Nxg5 23. Bxg5 Bxg5 24. Qh7+ Kf7 25. Qh5+ Kg8 26. Ke2 Bh6 27. Rag1
Nf6 28. Qg6 Kf8 29. Nh5 Nxh5 30. Rxh5 Ke7 31. Re5 Qd7 32. f4 Re8 33. f5 Kd6 34.
e4 dxe4 35. fxe6 Rxe6 36. Qxe4 Rxe5 37. Qxe5+ Kc6 38. Qc5+ Kb7 39. Qxb4+ Ka8
40. Qxc4 Qe8+ 41. Kd1 Qh5+ 42. Kc2 Qf5+ 43. Kb3 Qf3+ 44. Ka4 Qf8 45. Qc6+ Kb8
46. Rg3 1-0

[Event "Lichtenrader Herbst 2016"]
[Site "Berlin-Lichtenrade"]
[Date "2016.10.22"]
[Round "1.4"]
[White "Mayer, Herbert"]
[Black "Kovalev, Andrei"]
[Result "0-1"]
[WhiteElo "1895"]
[BlackElo "2506"]
[PlyCount "33"]
[EventDate "2016.??.??"]
[WhiteTeam "SC Rochade (Berlin)"]

1. f4 g6 2. Nf3 Bg7 3. e3 c5 4. Nc3 Nf6 5. b3 O-O 6. Bb2 d5 7. Bd3 Nc6 8. O-O
a6 9. a4 Nb4 10. Ne5 Nxd3 11. cxd3 Bf5 12. Qf3 Be6 13. Ne2 Qb6 14. Ba3 Rac8 15.
Rab1 Qa5 16. b4 Qxa4 17. Bb2 0-1

[Event "Lichtenrader Herbst 2016"]
[Site "Berlin-Lichtenrade"]
[Date "2016.10.22"]
[Round "1.5"]
[White "Teske, Henrik"]
[Black "Gelman, Josef"]
[Result "1-0"]
[WhiteElo "2482"]
[BlackElo "1810"]
[PlyCount "83"]
[EventDate "2016.??.??"]
[WhiteTeam "SV Empor Erfurt"]
[BlackTeam "SC Weisse Dame e.V."]

1. Nf3 d5 2. c4 c6 3. d4 Nf6 4. Nc3 e6 5. Bg5 Be7 6. e3 Qa5 7. Bd3 O-O 8. O-O
Nbd7 9. Rc1 h6 10. Bh4 Qd8 11. Qe2 Ne4 12. Bxe7 Nxc3 13. Rxc3 Qxe7 14. e4 dxe4
15. Bxe4 Nf6 16. Bb1 b6 17. c5 Nd5 18. Rcc1 Bb7 19. Ne5 Rac8 20. a3 Rfd8 21. g3
Nf6 22. Qe3 Rd5 23. Ba2 Rdd8 24. b4 bxc5 25. dxc5 Ba6 26. Rfd1 Rxd1+ 27. Rxd1
Nd5 28. Nxc6 Rxc6 29. Bxd5 Rc7 30. Bf3 Rd7 31. a4 Rxd1+ 32. Bxd1 Qd7 33. Bb3
Bb7 34. b5 Bd5 35. c6 Qc7 36. Bxd5 exd5 37. Qc5 Qe5 38. h4 Qe1+ 39. Kh2 d4 40.
Qxd4 Qa5 41. Qc5 Qc7 42. a5 1-0

[Event "Lichtenrader Herbst 2016"]
[Site "Berlin-Lichtenrade"]
[Date "2016.10.22"]
[Round "1.6"]
[White "Bonke, Hans-Juergen"]
[Black "Kasparov, Sergey"]
[Result "0-1"]
[WhiteElo "1881"]
[BlackElo "2470"]
[PlyCount "50"]
[EventDate "2016.??.??"]
[WhiteTeam "SC Kreuzberg"]

1. d4 Nf6 2. Nf3 c5 3. c3 b6 4. Bf4 Bb7 5. e3 e6 6. Be2 Nc6 7. h3 Be7 8. O-O
O-O 9. Nbd2 g6 10. Rc1 d6 11. e4 Rc8 12. Bd3 cxd4 13. cxd4 Nb4 14. Rxc8 Qxc8
15. Qb3 Nxd3 16. Qxd3 Qc6 17. Re1 Rc8 18. e5 dxe5 19. dxe5 Nd5 20. Qe4 Nb4 21.
Qxc6 Rxc6 22. Nd4 Rc8 23. Re3 Nd5 24. Rf3 Nxf4 25. Rxf4 Bg5 0-1

[Event "Lichtenrader Herbst 2016"]
[Site "Berlin-Lichtenrade"]
[Date "2016.10.22"]
[Round "1.7"]
[White "Karpatchev, Aleksandr"]
[Black "Baranowsky, Peter"]
[Result "1-0"]
[WhiteElo "2463"]
[BlackElo "1929"]
[PlyCount "45"]
[EventDate "2016.??.??"]
[WhiteTeam "SF Bad Mergentheim"]
[BlackTeam "SF 1903 Berlin"]

1. e4 c6 2. d4 d5 3. Nc3 dxe4 4. Nxe4 Bf5 5. Ng3 Bg6 6. N1e2 e6 7. Nf4 Bd6 8.
Ngh5 Bxf4 9. Nxf4 Ne7 10. h4 h6 11. c3 Nd7 12. Nxg6 Nxg6 13. h5 Ngf8 14. Bf4
Nf6 15. Be2 Qb6 16. Qc2 N8d7 17. O-O Nd5 18. Bg3 f5 19. c4 Ne7 20. c5 Qd8 21.
Bc4 Nd5 22. Rfe1 Qf6 23. Bxd5 1-0

[Event "Lichtenrader Herbst 2016"]
[Site "Berlin-Lichtenrade"]
[Date "2016.10.22"]
[Round "1.9"]
[White "Meister, Jakob"]
[Black "Sippel, Roman"]
[Result "1-0"]
[WhiteElo "2444"]
[BlackElo "1849"]
[PlyCount "69"]
[EventDate "2016.??.??"]
[WhiteTeam "SK Zehlendorf"]
[BlackTeam "SF Berlin 1903 e.V."]

1. c4 e5 2. Nc3 Nf6 3. e3 Be7 4. Nf3 d6 5. d4 Nc6 6. d5 Nb8 7. Bd3 Bg4 8. h3
Bh5 9. g4 Bg6 10. e4 c6 11. Rb1 a5 12. a3 Na6 13. b4 axb4 14. axb4 h5 15. g5
Nh7 16. h4 Nf8 17. Be3 Nd7 18. Na4 Rb8 19. b5 Nac5 20. Nxc5 Nxc5 21. Bxc5 dxc5
22. Nxe5 cxd5 23. Nxg6 fxg6 24. exd5 Qd6 25. Qf3 Rf8 26. Qe4 Rf5 27. Kf1 Kf8
28. Qe6 Qf4 29. Bxf5 gxf5 30. Qe2 Bd6 31. Re1 g6 32. Rh3 b6 33. Re3 Qh2 34.
Re8+ Kg7 35. Qb2+ 1-0

[Event "Lichtenrader Herbst 2016"]
[Site "Berlin-Lichtenrade"]
[Date "2016.10.22"]
[Round "1.10"]
[White "Strowig, Justin"]
[Black "Ahmadinia, Ebrahim"]
[Result "0-1"]
[WhiteElo "1842"]
[BlackElo "2370"]
[PlyCount "92"]
[EventDate "2016.??.??"]
[WhiteTeam "SV Mattnetz Berlin e.V."]
[BlackTeam "SF Berlin 1903 e.V."]

1. e4 g6 2. Nf3 Bg7 3. d4 d6 4. Nc3 a6 5. Bc4 e6 6. Bg5 Ne7 7. a4 b6 8. Qe2 h6
9. Bf4 Nd7 10. h4 Bb7 11. Rd1 Nf6 12. O-O O-O 13. Rfe1 Re8 14. Qd2 Kh7 15. Qc1
Qd7 16. Ne5 dxe5 17. dxe5 Qc6 18. exf6 Bxf6 19. Bd3 Bg7 20. h5 e5 21. Be3 gxh5
22. Nd5 Kh8 23. c4 Rac8 24. b3 Qg6 25. Bd2 Nxd5 26. cxd5 Rg8 27. Be2 c6 28. d6
Rcd8 29. Be3 c5 30. f3 Bf6 31. Bf1 Bh4 32. Re2 Bg3 33. Bf2 h4 34. Be3 Rxd6 35.
Rxd6 Qxd6 36. Rd2 Qf6 37. Qd1 Bc8 38. Rd6 Be6 39. Rxb6 h3 40. Qe2 Qh4 41. a5
hxg2 42. Bxg2 Qh2+ 43. Kf1 Bf4 44. Bxc5 Rxg2 45. Qxg2 Bh3 46. Rb8+ Kh7 0-1

[Event "Lichtenrader Herbst 2016"]
[Site "Berlin-Lichtenrade"]
[Date "2016.10.22"]
[Round "1.11"]
[White "Bruedigam, Martin"]
[Black "Scholta, Danilo"]
[Result "1-0"]
[WhiteElo "2408"]
[BlackElo "1819"]
[PlyCount "49"]
[EventDate "2016.??.??"]
[WhiteTeam "SK König Tegel"]
[BlackTeam "SV Empor Berlin e.V."]

1. e4 d5 2. exd5 Nf6 3. Nf3 Nxd5 4. d4 Bg4 5. Be2 e6 6. h3 Bh5 7. O-O Be7 8. c4
Nf6 9. Qb3 Qc8 10. Nc3 O-O 11. Bf4 Bd6 12. Bg5 c6 13. Rfe1 Nbd7 14. Rad1 h6 15.
Bc1 Rb8 16. Ne5 Bxe2 17. Rxe2 Bc7 18. Bf4 Nxe5 19. dxe5 Nd7 20. Ne4 Nxe5 21.
Qg3 f6 22. Bxh6 Nf3+ 23. Qxf3 gxh6 24. Nxf6+ Kg7 25. Nh5+ 1-0

[Event "Lichtenrader Herbst 2016"]
[Site "Berlin-Lichtenrade"]
[Date "2016.10.22"]
[Round "1.12"]
[White "Hohn, August"]
[Black "Glantz, Robert"]
[Result "0-1"]
[WhiteElo "1835"]
[BlackElo "2340"]
[PlyCount "81"]
[EventDate "2016.??.??"]
[WhiteTeam "SC Zugzwang 95 (Berlin)"]
[BlackTeam "SC Kreuzberg e.V."]

1. c4 Nf6 2. Nc3 e5 3. Nf3 d6 4. g3 g6 5. Bg2 Bg7 6. O-O O-O 7. d4 Nbd7 8. dxe5
dxe5 9. Be3 c6 10. h3 Qe7 11. Qd2 Re8 12. Rad1 Nc5 13. Qd6 Qxd6 14. Rxd6 Nce4
15. Nxe4 Nxe4 16. Rdd1 Be6 17. b3 Nc3 18. Rd2 Ne4 19. Rc2 f5 20. Ng5 Nxg5 21.
Bxg5 f4 22. gxf4 h6 23. f5 Bxf5 24. e4 hxg5 25. exf5 gxf5 26. Rd1 Rad8 27. Rcd2
Rxd2 28. Rxd2 Re7 29. b4 e4 30. b5 Be5 31. Rd8+ Kf7 32. Bf1 Bc7 33. Rc8 Kf6 34.
bxc6 bxc6 35. Be2 Rd7 36. Rf8+ Ke5 37. Rg8 Rd2 38. Kf1 Rxa2 39. Rxg5 Bb6 40. h4
Kf6 41. f4 0-1

[Event "Lichtenrader Herbst 2016"]
[Site "Berlin-Lichtenrade"]
[Date "2016.10.22"]
[Round "1.13"]
[White "Ilic, Zoran S"]
[Black "Ibraheem, Yamen"]
[Result "1-0"]
[WhiteElo "2283"]
[BlackElo "1706"]
[PlyCount "97"]
[EventDate "2016.??.??"]
[WhiteTeam "ohne Verein"]
[BlackTeam "Läufer Reinickendorf"]

1. d4 Nf6 2. Nf3 e6 3. c4 d5 4. g3 Be7 5. Bg2 c6 6. Qc2 Nbd7 7. O-O b6 8. Rd1
Bb7 9. Nc3 O-O 10. b3 Bd6 11. Bb2 Qe7 12. a4 a5 13. e4 Nxe4 14. Nxe4 dxe4 15.
Qxe4 Nf6 16. Qh4 c5 17. d5 exd5 18. Bxf6 Qxf6 19. Qxf6 gxf6 20. Nh4 Be5 21.
Rac1 Rad8 22. Nf5 Rd7 23. f4 d4 24. Bxb7 Rxb7 25. fxe5 fxe5 26. Re1 f6 27. Rcd1
Rd7 28. Kf2 Kf7 29. g4 Ke6 30. Ng3 Rg7 31. Kf3 Rfg8 32. h3 Rg6 33. Rf1 Rh6 34.
Kg2 Rhg6 35. Rf5 Rd8 36. Kf3 Rh6 37. Nh5 Rg8 38. Ke4 Rhg6 39. Rdf1 Rxg4+ 40.
hxg4 Rxg4+ 41. Kd3 e4+ 42. Ke2 Rg2+ 43. R1f2 Rg5 44. Rxg5 fxg5 45. Ng3 e3 46.
Rh2 h6 47. Rxh6+ Ke5 48. Rxb6 d3+ 49. Kxe3 1-0

[Event "Lichtenrader Herbst 2016"]
[Site "Berlin-Lichtenrade"]
[Date "2016.10.22"]
[Round "1.14"]
[White "Jansen, Robert"]
[Black "Roesemann, Rainer"]
[Result "0-1"]
[WhiteElo "1795"]
[BlackElo "2282"]
[PlyCount "98"]
[EventDate "2016.??.??"]
[WhiteTeam "SC Kreuzberg"]
[BlackTeam "SV Bannewitz"]

1. d4 Nf6 2. c4 c5 3. d5 b5 4. cxb5 a6 5. b6 Qxb6 6. Nc3 d6 7. e4 g6 8. Bc4 Bg7
9. Qd3 O-O 10. Nf3 a5 11. O-O a4 12. Bd2 Nbd7 13. h3 Qa7 14. Rfe1 Nb6 15. b3
axb3 16. axb3 Qxa1 17. Rxa1 Rxa1+ 18. Kh2 Nxc4 19. bxc4 Ba6 20. e5 Nd7 21. exd6
exd6 22. Ne4 Nb6 23. Nxd6 Nxc4 24. Nxc4 Ra4 25. Be3 Bxc4 26. Qc2 Rfa8 27. d6
Bf8 28. Bxc5 Bd5 29. Qd1 Bxf3 30. gxf3 R4a6 31. Qd5 Bxd6+ 32. Bxd6 Rd8 33. f4
Raxd6 34. Qe5 Rd2 35. Kg3 R8d5 36. Qb8+ Kg7 37. Qb4 h5 38. f3 R2d4 39. Qc3 Kh7
40. Qc7 Rf5 41. h4 Rdxf4 42. Qxf4 Rxf4 43. Kxf4 f6 44. Kg3 g5 45. hxg5 fxg5 46.
Kh3 Kg6 47. Kg3 Kf5 48. Kf2 Kf4 49. Kg2 h4 0-1

[Event "Lichtenrader Herbst 2016"]
[Site "Berlin-Lichtenrade"]
[Date "2016.10.22"]
[Round "1.15"]
[White "Heinig, Wolfram"]
[Black "Fieberg, Norbert"]
[Result "1-0"]
[WhiteElo "2277"]
[BlackElo "1778"]
[PlyCount "75"]
[EventDate "2016.??.??"]
[WhiteTeam "SK Zehlendorf e.V."]
[BlackTeam "Läufer Reinickendorf"]

1. d4 d5 2. c4 c6 3. Nf3 Nf6 4. cxd5 cxd5 5. Nc3 Nc6 6. Bf4 e6 7. e3 a6 8. Bd3
Be7 9. h3 h6 10. Rc1 Bd7 11. O-O b5 12. Ne5 Rc8 13. a4 b4 14. Nxd7 Nxd7 15. Nb1
Ndb8 16. Nd2 O-O 17. Nb3 a5 18. Rc2 Bd6 19. Qg4 Bxf4 20. Qxf4 Qb6 21. Rfc1 Rfd8
22. Bb5 Na7 23. Rxc8 Rxc8 24. Rxc8+ Nxc8 25. Nxa5 Nd6 26. Nc6 Nxb5 27. Qxb8+
Qxb8 28. Nxb8 Nc7 29. Kf1 Kf8 30. Ke2 Ke8 31. Kd3 f6 32. Kc2 e5 33. dxe5 fxe5
34. Nc6 Na6 35. Nxe5 Nc5 36. a5 b3+ 37. Kc3 Kd8 38. Nd3 1-0

[Event "Lichtenrader Herbst 2016"]
[Site "Berlin-Lichtenrade"]
[Date "2016.10.22"]
[Round "1.16"]
[White "Damm, Holger"]
[Black "Giemsa, Stephan"]
[Result "0-1"]
[WhiteElo "1744"]
[BlackElo "2270"]
[PlyCount "80"]
[EventDate "2016.??.??"]
[WhiteTeam "SC Riesa"]
[BlackTeam "SK König Tegel 1949 e.V."]

1. e4 e6 2. d4 d5 3. Nc3 Nf6 4. Bd3 dxe4 5. Nxe4 Nbd7 6. Bg5 h6 7. Nxf6+ Nxf6
8. Be3 Bd6 9. Nf3 b6 10. Qd2 Bb7 11. Ne5 O-O 12. O-O-O c5 13. Rhg1 cxd4 14.
Bxd4 Bc5 15. Bxc5 bxc5 16. g4 Qd4 17. Qe2 Qf4+ 18. Kb1 Ne4 19. Bxe4 Bxe4 20.
Nd3 Bxd3 21. Rxd3 Rad8 22. Rf3 Qxh2 23. Rfg3 Rd5 24. Qe1 Rfd8 25. Kc1 Qh4 26.
Qe3 Qf6 27. f4 e5 28. f5 Qd6 29. b3 c4 30. Qxa7 Rd1+ 31. Rxd1 Qxd1+ 32. Kb2 e4
33. Qe3 cxb3 34. axb3 Ra8 35. Qg1 Qd5 36. Qe3 Qa5 37. Kc1 Qa1+ 38. Kd2 Rd8+ 39.
Ke2 Qd1+ 40. Kf2 Rd2+ 0-1

[Event "Lichtenrader Herbst 2016"]
[Site "Berlin-Lichtenrade"]
[Date "2016.10.22"]
[Round "1.17"]
[White "Asenov, Pavel"]
[Black "Doering, Martin"]
[Result "1-0"]
[WhiteElo "2207"]
[BlackElo "1808"]
[PlyCount "81"]
[EventDate "2016.??.??"]
[WhiteTeam "Witny"]
[BlackTeam "SC Weisse Dame (Berlin)"]

1. d4 d5 2. c4 e6 3. Nc3 c5 4. cxd5 cxd4 5. Qxd4 Nc6 6. Qd1 exd5 7. Qxd5 Be6 8.
Qxd8+ Rxd8 9. e3 g6 10. Nf3 Bg7 11. Be2 Nf6 12. O-O O-O 13. e4 Rfe8 14. Bb5 a6
15. Bxc6 bxc6 16. Re1 Nd7 17. Be3 Rb8 18. Rab1 Bc4 19. Red1 Nf6 20. Rd4 Be6 21.
Ra4 Nxe4 22. Nxe4 Bf5 23. Nfd2 Rbd8 24. h3 h5 25. b3 c5 26. Rc1 Bd7 27. Rxa6
Bb5 28. Rb6 Bd3 29. Nf6+ Bxf6 30. Rxf6 Be2 31. Nf3 Kg7 32. Rc6 c4 33. bxc4 Ra8
34. Rc7 Bxf3 35. gxf3 Rxa2 36. c5 Rea8 37. c6 Re2 38. Rd7 Raa2 39. c7 Rec2 40.
Rxc2 Rxc2 41. Bd4+ 1-0

[Event "Lichtenrader Herbst 2016"]
[Site "Berlin-Lichtenrade"]
[Date "2016.10.22"]
[Round "1.18"]
[White "Gruzmann, Boris"]
[Black "Schnabel, Luise"]
[Result "1-0"]
[WhiteElo "2253"]
[BlackElo "1615"]
[PlyCount "47"]
[EventDate "2016.??.??"]
[WhiteTeam "Lübecker SV"]
[BlackTeam "Schachpinguine Berlin"]

1. e4 c5 2. Nf3 d6 3. d4 cxd4 4. Nxd4 Nf6 5. Nc3 a6 6. f4 e6 7. Bd3 b5 8. O-O
Bb7 9. Qf3 Nbd7 10. g4 Nb6 11. g5 Nfd7 12. f5 e5 13. Ne6 fxe6 14. fxe6 Qe7 15.
exd7+ Nxd7 16. a4 b4 17. Nd5 Bxd5 18. exd5 Nc5 19. Qh5+ Kd7 20. Rf7 Qxf7 21.
Qxf7+ Be7 22. Bf5+ Kd8 23. Qxg7 Rf8 24. Qxh7 1-0

[Event "Lichtenrader Herbst 2016"]
[Site "Berlin-Lichtenrade"]
[Date "2016.10.22"]
[Round "1.19"]
[White "Schnabel, Ralf"]
[Black "Granzin, David"]
[Result "1-0"]
[WhiteElo "2234"]
[BlackElo "1688"]
[PlyCount "49"]
[EventDate "2016.??.??"]
[WhiteTeam "ESV Nickelhütte Aue"]
[BlackTeam "SC Kreuzberg"]

1. e4 d5 2. exd5 Qxd5 3. Nc3 Qd6 4. d4 Nc6 5. d5 Ne5 6. Bf4 e6 7. Qd4 f6 8.
O-O-O exd5 9. Nf3 c5 10. Qxd5 Qxd5 11. Nxd5 Bd6 12. Nxf6+ Nxf6 13. Nxe5 Bxe5
14. Bxe5 Be6 15. Bxf6 gxf6 16. Bb5+ Ke7 17. Rhe1 Rad8 18. Bc4 Rxd1+ 19. Kxd1
Rd8+ 20. Kc1 Rd6 21. Bxe6 Rxe6 22. Kd2 Rxe1 23. Kxe1 Ke6 24. Ke2 Ke5 25. Ke3
1-0

[Event "Lichtenrader Herbst 2016"]
[Site "Berlin-Lichtenrade"]
[Date "2016.10.22"]
[Round "1.20"]
[White "Sliwicka, Alicja"]
[Black "Kreutz, Ralf"]
[Result "1-0"]
[WhiteElo "2144"]
[BlackElo "1672"]
[PlyCount "89"]
[EventDate "2016.??.??"]
[WhiteTeam "UKS OPP TORUN"]
[BlackTeam "SV Königsjäger Süd-West e.V."]

1. e4 e5 2. Nf3 Nc6 3. Bc4 Nf6 4. d3 d5 5. exd5 Nxd5 6. Qe2 Bg4 7. h3 Bxf3 8.
Qxf3 Nf6 9. O-O Be7 10. Bb5 Qd5 11. Qxd5 Nxd5 12. Re1 f6 13. Bxc6+ bxc6 14. a3
O-O 15. Nd2 Bc5 16. Nb3 Bb6 17. c4 a5 18. cxd5 cxd5 19. a4 Rab8 20. Ra3 c5 21.
Bd2 Ra8 22. Rc1 Rfc8 23. Be3 d4 24. Bd2 f5 25. Be1 e4 26. dxe4 fxe4 27. Nd2 Re8
28. Rb3 Rab8 29. Rb5 e3 30. fxe3 dxe3 31. Nc4 Bc7 32. Rxc5 Bf4 33. Rxa5 Rbc8
34. b3 Rf8 35. Rc2 Rcd8 36. Re2 Rfe8 37. Rf5 Bh6 38. Re5 Rxe5 39. Nxe5 Rd2 40.
Kf1 Bf4 41. Ng4 Rd3 42. g3 Bg5 43. h4 Bd8 44. Rxe3 Rd4 45. Ne5 1-0

[Event "Lichtenrader Herbst 2016"]
[Site "Berlin-Lichtenrade"]
[Date "2016.10.22"]
[Round "1.21"]
[White "Prix, Siegfried"]
[Black "Barath, Madhan"]
[Result "0-1"]
[WhiteElo "1740"]
[BlackElo "2125"]
[PlyCount "74"]
[EventDate "2016.??.??"]
[WhiteTeam "SF 1903 Berlin"]
[BlackTeam "SC Zugzwang 95 e.V."]

1. e4 c5 2. c4 Nc6 3. Nf3 e5 4. Nc3 d6 5. d3 g6 6. g3 Bg7 7. Bg2 Nge7 8. O-O
O-O 9. h3 h6 10. Kh2 f5 11. Bd2 Be6 12. Nd5 Qd7 13. a3 b6 14. b4 Rac8 15. bxc5
dxc5 16. a4 Bf7 17. Bc3 Nxd5 18. exd5 Nd4 19. Re1 Rfe8 20. Nxd4 cxd4 21. Bd2 g5
22. Qb3 Rb8 23. Qb5 Qd8 24. Bb4 h5 25. Qa6 Qd7 26. a5 b5 27. d6 bxc4 28. Bc6
Qc8 29. Qxc8 Rexc8 30. d7 Rxc6 31. Be7 Bf6 32. d8=Q+ Rxd8 33. Bxd8 Bxd8 34.
Rxe5 c3 35. Rb1 Be6 36. Rb8 c2 37. Rxd8+ Kf7 0-1

[Event "Lichtenrader Herbst 2016"]
[Site "Berlin-Lichtenrade"]
[Date "2016.10.22"]
[Round "1.22"]
[White "Hincu, Olga"]
[Black "Leyrer, Edgar"]
[Result "1-0"]
[WhiteElo "2122"]
[BlackElo "1629"]
[PlyCount "69"]
[EventDate "2016.??.??"]
[BlackTeam "ohne Verein"]

1. d4 d5 2. Nf3 Nf6 3. c4 c6 4. e3 e6 5. Nbd2 Nbd7 6. Bd3 dxc4 7. Nxc4 b5 8.
Nce5 Bb4+ 9. Bd2 Bxd2+ 10. Qxd2 Nxe5 11. Nxe5 Qd6 12. Rc1 Bb7 13. O-O O-O 14.
f4 Nd7 15. Nxd7 Qxd7 16. Rc5 f5 17. g4 g6 18. Qg2 Kh8 19. Qg3 Qe7 20. g5 Rad8
21. h4 Qg7 22. Be2 Rd5 23. Rc2 Rc8 24. Bf3 Rd6 25. h5 gxh5 26. Rff2 h4 27. Qxh4
Rd7 28. Rh2 Rcc7 29. Qf2 Kg8 30. Rh6 Re7 31. b4 Kf8 32. Qg2 c5 33. Rxc5 Bxf3
34. Qxf3 Rb7 35. Rf6+ 1-0

[Event "Lichtenrader Herbst 2016"]
[Site "Berlin-Lichtenrade"]
[Date "2016.10.22"]
[Round "1.23"]
[White "Al Ahmad, Khaled"]
[Black "Krefenstein, Sergej"]
[Result "0-1"]
[WhiteElo "1750"]
[BlackElo "2176"]
[PlyCount "88"]
[EventDate "2016.??.??"]
[WhiteTeam "Läufer Reinickendorf"]
[BlackTeam "TuS Makkabi Berlin"]

1. e4 e6 2. d4 d5 3. e5 c5 4. Bb5+ Bd7 5. Bxd7+ Qxd7 6. c3 Ne7 7. f4 Nf5 8. Nf3
Be7 9. O-O Nc6 10. g4 Nh6 11. h3 Ng8 12. Be3 c4 13. Nbd2 h5 14. g5 Bd8 15. Qc2
Nge7 16. Nh4 g6 17. b4 cxb3 18. axb3 Rc8 19. Qd3 Bb6 20. b4 O-O 21. Rf3 a5 22.
bxa5 Nxa5 23. Nf1 Qc6 24. Bf2 Nc4 25. Ng3 Nf5 26. Nhxf5 exf5 27. h4 Ra8 28. Rb1
Ra2 29. Kh2 Nd2 30. Kh3 Nxb1 31. Qxb1 Rfa8 32. Nxh5 gxh5 33. Qxf5 Qe6 34. Qxe6
fxe6 35. f5 exf5 36. Rxf5 Rf8 37. Rf6 Rxf6 38. gxf6 Rxf2 39. Kg3 Rf5 40. Kg2
Ba5 41. c4 dxc4 42. e6 Rxf6 43. d5 c3 44. e7 Kf7 0-1

[Event "Lichtenrader Herbst 2016"]
[Site "Berlin-Lichtenrade"]
[Date "2016.10.22"]
[Round "1.24"]
[White "Noetzel, Felix"]
[Black "Rausch, Erik"]
[Result "1-0"]
[WhiteElo "2209"]
[BlackElo "1789"]
[PlyCount "35"]
[EventDate "2016.??.??"]
[WhiteTeam "SF 1903 Berlin"]
[BlackTeam "SC Kreuzberg"]

1. e4 c5 2. Nf3 Nc6 3. d4 cxd4 4. Nxd4 g6 5. Nc3 Bg7 6. Be3 Nf6 7. Bc4 O-O 8.
Bb3 a6 9. f3 Na5 10. Qd2 Nxb3 11. Nxb3 d6 12. O-O-O Bd7 13. Bh6 b5 14. h4 Qc7
15. h5 Rfc8 16. Bxg7 Kxg7 17. hxg6 hxg6 18. Qh6+ 1-0

[Event "Lichtenrader Herbst 2016"]
[Site "Berlin-Lichtenrade"]
[Date "2016.10.22"]
[Round "1.25"]
[White "Tham, Minh"]
[Black "Terhorst, Jochen"]
[Result "1-0"]
[WhiteElo "1681"]
[BlackElo "2184"]
[PlyCount "89"]
[EventDate "2016.??.??"]
[WhiteTeam "SC Weisse Dame (Berlin)"]
[BlackTeam "SC Wittlich 1947"]

1. e4 c5 2. Nf3 e6 3. d4 cxd4 4. c3 d3 5. c4 d6 6. Bxd3 Nf6 7. Nc3 Nbd7 8. O-O
a6 9. Re1 Be7 10. Bf4 e5 11. Be3 O-O 12. h3 b6 13. Nd5 Bb7 14. Qb3 Rb8 15. Rac1
Nc5 16. Bxc5 bxc5 17. Qc2 Nxd5 18. cxd5 f5 19. Rcd1 fxe4 20. Bxe4 h6 21. b3 Bc8
22. Re3 a5 23. Nh2 Bg5 24. Rf3 Bf4 25. Nf1 Bd7 26. Ng3 Rb4 27. Nf1 a4 28. Rb1
axb3 29. axb3 Bg5 30. Nh2 Bf4 31. Nf1 Qa8 32. Rd1 Qb7 33. g3 Rxe4 34. Qxe4 Bg5
35. Rxf8+ Kxf8 36. Qf3+ Kg8 37. g4 Qa6 38. Ng3 Qa3 39. Qc3 Ba4 40. Rb1 Bb5 41.
Ra1 Bd2 42. Rxa3 Bxc3 43. Ra8+ Kf7 44. Ne4 Bb4 45. Nxd6+ 1-0

[Event "Lichtenrader Herbst 2016"]
[Site "Berlin-Lichtenrade"]
[Date "2016.10.22"]
[Round "1.26"]
[White "Rettore, Ludwig"]
[Black "Poecheim, Stephan"]
[Result "1-0"]
[WhiteElo "2087"]
[BlackElo "1719"]
[PlyCount "75"]
[EventDate "2016.??.??"]
[WhiteTeam "Il Castelletto"]
[BlackTeam "SF 1903 Berlin"]

1. Nf3 Nf6 2. g3 d6 3. Bg2 e5 4. d3 Nc6 5. O-O Bg4 6. h3 Bh5 7. Nbd2 Be7 8. c3
Nd7 9. b4 a6 10. a4 g5 11. Nh2 Bg6 12. Nc4 Bf6 13. Rb1 Rb8 14. b5 axb5 15. axb5
Ne7 16. Ng4 Nf5 17. Nxf6+ Qxf6 18. Ne3 Nxe3 19. Bxe3 Qe7 20. Ra1 e4 21. dxe4 h6
22. Qd4 O-O 23. h4 f6 24. hxg5 hxg5 25. Ra7 Kg7 26. Bxg5 Nc5 27. Be3 Nxe4 28.
c4 Rh8 29. Bf4 Nc5 30. b6 Ne6 31. Qe3 Rbe8 32. Rxb7 Nxf4 33. Qxf4 Qxe2 34.
Rxc7+ Bf7 35. Bf3 Qe6 36. Bd5 Qh3 37. Rxf7+ Kg8 38. Re7+ 1-0

[Event "Lichtenrader Herbst 2016"]
[Site "Berlin-Lichtenrade"]
[Date "2016.10.22"]
[Round "1.27"]
[White "Klevenow, Hellmut"]
[Black "Feil, Stephan"]
[Result "0-1"]
[WhiteElo "1735"]
[BlackElo "2140"]
[PlyCount "74"]
[EventDate "2016.??.??"]
[WhiteTeam "Königsjäger Süd-West"]
[BlackTeam "SK 1962 Ladenburg"]

1. Nf3 Nf6 2. g3 g6 3. Bg2 Bg7 4. O-O O-O 5. d4 d6 6. c4 c6 7. Nc3 Qa5 8. e4
Bg4 9. h3 Bxf3 10. Bxf3 e5 11. d5 cxd5 12. cxd5 Rc8 13. Qb3 Nbd7 14. Be3 Nc5
15. Bxc5 Qxc5 16. Rac1 Bh6 17. Rcd1 Rab8 18. Qb5 Qc7 19. Qe2 a6 20. Bg4 Nxg4
21. Qxg4 b5 22. Rd3 Qc4 23. Rf3 Rc7 24. b3 Qb4 25. Nb1 Bg7 26. Rd3 h5 27. Qe2
Bh6 28. a3 Qc5 29. Kg2 Qc2 30. Qd1 Rbc8 31. h4 Kg7 32. Kh3 Qa2 33. g4 Rc1 34.
g5 Bxg5 35. hxg5 Qxb1 36. Qf3 Rxf1 37. Qf6+ Kg8 0-1

[Event "Lichtenrader Herbst 2016"]
[Site "Berlin-Lichtenrade"]
[Date "2016.10.22"]
[Round "1.28"]
[White "Gebigke, Martin"]
[Black "Richter, Robert"]
[Result "1-0"]
[WhiteElo "2121"]
[BlackElo "1542"]
[PlyCount "53"]
[EventDate "2016.??.??"]
[WhiteTeam "SC Kreuzberg"]
[BlackTeam "SV Glück auf Rüdersdorf e.V."]

1. d4 Nf6 2. c4 g6 3. Nc3 d5 4. cxd5 Nxd5 5. Bd2 Bg7 6. e4 Nb6 7. Be3 O-O 8.
Bb5 N8d7 9. a4 Nf6 10. a5 Nbd7 11. e5 Ne8 12. Nf3 c6 13. Bc4 Rb8 14. h4 Nc7 15.
h5 e6 16. hxg6 hxg6 17. Ng5 Re8 18. f4 Nd5 19. Qf3 Nf8 20. Nce4 b6 21. Nd6 Re7
22. Bd2 Qc7 23. Nge4 Bb7 24. Kf2 Ba8 25. Bxd5 cxd5 26. Nf6+ Bxf6 27. exf6 1-0